[Event "ISR-chT"]
[Site "Ramat Aviv"]
[Date "2000.05.05"]
[Round "10.2"]
[White "Rabinovich, Alexander"]
[Black "Har Zvi, Ronen"]
[Result "1/2-1/2"]
[WhiteElo "2406"]
[BlackElo "2507"]
[PlyCount "41"]
[GameId "1166642548989952"]
[EventDate "2000.01.14"]
[EventType "team"]
[EventRounds "11"]
[EventCountry "ISR"]
[SourceTitle "CBM 077"]
[Source "ChessBase"]
[SourceDate "2000.07.27"]
[SourceVersion "1"]
[SourceVersionDate "2000.07.27"]
[SourceQuality "1"]
[WhiteTeam "Kfar Saba"]
[BlackTeam "Tel Aviv Univ"]
[WhiteTeamCountry "ISR"]
[BlackTeamCountry "ISR"]

1. d4 d6 2. e4 g6 3. c4 Bg7 4. Nc3 Nf6 5. Nge2 O-O 6. Ng3 c6 7. Be2 a6 8. O-O Nbd7 9. d5 cxd5 10. cxd5 b5 11. Be3 h5 12. f3 Nb6 13. a4 h4 14. Nh1 b4 15. a5 bxc3 16. Bxb6 cxb2 17. Rb1 Qe8 18. Bd4 Rb8 19. Rxb2 Rxb2 20. Bxb2 Bd7 21. Nf2 1/2-1/2

[Event "ISR-chT"]
[Site "Israel"]
[Date "2003.03.21"]
[Round "7"]
[White "Rabinovich, Alexander"]
[Black "Maryasin, Boris Feliksovich"]
[Result "1-0"]
[WhiteElo "2425"]
[BlackElo "2377"]
[PlyCount "57"]
[GameId "1166645097820160"]
[EventDate "2003.01.??"]
[EventType "team"]
[EventRounds "11"]
[EventCountry "ISR"]
[SourceTitle "EXT 2004"]
[Source "ChessBase"]
[SourceDate "2003.11.25"]
[SourceVersion "1"]
[SourceVersionDate "2003.11.25"]
[SourceQuality "1"]

1. d4 g6 2. c4 Bg7 3. e4 d6 4. Nc3 Nf6 5. Nge2 O-O 6. Ng3 e5 7. d5 c6 8. Be2 cxd5 9. cxd5 a6 10. h4 b5 11. a3 h5 12. Bg5 Nbd7 13. Rc1 Rb8 14. b4 Nb6 15. Bxh5 Nc4 16. Be2 Nxa3 17. h5 Qe8 18. Qd2 Nc4 19. Bxc4 bxc4 20. Nd1 c3 21. Rxc3 Bg4 22. f3 Bd7 23. Rc7 Qd8 24. h6 Qxc7 25. hxg7 Kxg7 26. Bh6+ Kg8 27. Bg7 Ng4 28. fxg4 Kxg7 29. Nh5+ 1-0

[Event "Sao Paulo Interclubs Paulista"]
[Site "Sao Paulo"]
[Date "2007.03.03"]
[Round "5"]
[White "Gerbelli Neto, Eduardo"]
[Black "Rabinovich, Alexander"]
[Result "0-1"]
[WhiteElo "2157"]
[BlackElo "2423"]
[PlyCount "89"]
[GameId "1166649194758144"]
[EventDate "2007.02.24"]
[EventType "team"]
[EventRounds "7"]
[EventCountry "BRA"]
[SourceTitle "CBM 117 Extra"]
[Source "ChessBase"]
[SourceDate "2007.05.09"]
[SourceVersion "1"]
[SourceVersionDate "2007.05.09"]
[SourceQuality "1"]

1. e4 e6 2. d4 d5 3. Nd2 Nf6 4. e5 Nfd7 5. Bd3 c5 6. c3 Nc6 7. Ne2 cxd4 8. cxd4 f6 9. exf6 Qxf6 10. Nf3 h6 11. O-O Bd6 12. Bb1 O-O 13. Qd3 Rd8 14. g3 Nf8 15. Bf4 Bxf4 16. Nxf4 g5 17. Nh5 Qf7 18. g4 Nd7 19. Qe3 Qe7 20. Qd3 Qf7 21. Qe3 Qe7 22. Qd3 Nf8 23. Re1 Bd7 24. Ne5 Be8 25. Nxc6 bxc6 26. Qe3 Rab8 27. b3 Bxh5 28. gxh5 Qf6 29. Bc2 Rd7 30. Qe5 Qxe5 31. Rxe5 Rf7 32. a3 Rf4 33. Rd1 a5 34. Re3 Rb6 35. Kg2 Kf7 36. Rf3 Rxf3 37. Kxf3 Nd7 38. Ke3 Nf6 39. f4 g4 40. Rg1 Rb8 41. Bg6+ Ke7 42. Rb1 Kd6 43. Kd3 Nd7 44. Kc3 c5 45. dxc5+ 0-1